Dreamweaver MX e-learning toolkit : building Web-based training with CourseBuilder / (Record no. 17147)

000 -LEADER
fixed length control field 00745cam a22002054a 4500
020 ## - INTERNATIONAL STANDARD BOOK NUMBER
ISBN 0764526057 (pbk.)
040 ## - CATALOGING SOURCE
Transcribing agency DLC
082 00 - DEWEY DECIMAL CLASSIFICATION NUMBER
Classification number 006 WIL 2003 A002 Or.
100 1# - MAIN ENTRY--AUTHOR NAME
Personal name Doyle, Michael,
245 10 - TITLE STATEMENT
Title Dreamweaver MX e-learning toolkit : building Web-based training with CourseBuilder /
260 ## - PUBLICATION, DISTRIBUTION, ETC. (IMPRINT)
Place of publication Indianapolis, Ind. :
Name of publisher Wiley Pub.,
Year of publication c2003.
300 ## - PHYSICAL DESCRIPTION
Number of Pages xxvi, 547 p. :
Other physical details ill. ;
Dimensions 24 cm. +
Accompanying material 1 CD-ROM (1 3/4 in.)
500 ## - GENERAL NOTE
General note Includes index.
650 #0 - SUBJECT ADDED ENTRY--TOPICAL TERM
Topical Term Web sites
650 #0 - SUBJECT ADDED ENTRY--TOPICAL TERM
Topical Term Web site development
856 42 - ELECTRONIC LOCATION AND ACCESS
Uniform Resource Identifier http://www.loc.gov/catdir/bios/wiley046/2002114849.html
856 42 - ELECTRONIC LOCATION AND ACCESS
Uniform Resource Identifier http://www.loc.gov/catdir/description/wiley039/2002114849.html
856 41 - ELECTRONIC LOCATION AND ACCESS
Uniform Resource Identifier http://www.loc.gov/catdir/toc/wiley031/2002114849.html
942 ## - ADDED ENTRY ELEMENTS (KOHA)
Koha item type សៀវភៅភាសាអង់គ្លេស
952 ## - LOCATION AND ITEM INFORMATION (KOHA)
Withdrawn status [LOCAL, KOHA] 0
Holdings
Permanent Location Date acquired Koha item type Lost status Shelving location Barcode Current Location Full call number
Library Block A2018-08-08សៀវភៅភាសាអង់គ្លេស A002A17314Library Block A006 WIL 2003 A002 Or.
មជ្ឈមណ្ឌលឯការនៃសាកលវិទ្យាល័យភូមិន្ទកសិកម្មចំការដូង

Powered by Koha